Responses for show #8251 - Monday, October 5, 2020

Contestants

[<< previous game]

Melissa Smight, a retired history teacher from Thousand Oaks, California

Garrett Marcotte, a software engineer from Santa Monica, California

Phillip Howard, a naval officer from Santa Clarita, California (whose 2-day cash winnings total $43,000)

[next game >>]

Jeopardy! Round responses

GROUPS IN THE BIBLE
WORD DERIVATIONS
TV ANIMALS
RESTAURANTS
2
YOUR HEART'S CONTENT
    $200 21
Mark, Matthew, Luke and John

Melissa
    $200 30
(Phillip: What is a roll?)

a wheel

PhillipMelissa
    $200 1
Rocket Raccoon

Phillip
    $200 11
clam chowder

Garrett
    $200 6
helium

Garrett
    $200 16
atria

Garrett
    $400 22
the Samaritans

Garrett
    $400 29
punch

Garrett
    $400 2
the Kung Fu Panda

Phillip
    $400 28
Red Lobster

Phillip
    $400 7
prime numbers

Garrett
    $400 17
ventricles

Garrett
    $600 25
12

Garrett
    $600 15
a walrus

Melissa
    $600 3
Triumph

Phillip
    $600 27
a root beer float

Garrett
    $600 8
The Two Popes

Phillip
    $600 18
the septum

Garrett
    $800 24
the Levites

Triple Stumper
    $800 14
bravata

Garrett
    $800 4
(Phillip: Who are the Penguins?)

Madagascar

Phillip
Triple Stumper
    $800 26
Cracker Barrel

Phillip
    $800 9
(Melissa: What is the BBC?)
(Alex: Be more specific.)
(Melissa: What is BBC America?)

BBC Two

PhillipMelissa
    $800 19
valves

Phillip
    $1000 23
the Philistines

Garrett
    $1000 13
crystal

Garrett
    $1000 5
a bear

Triple Stumper
    $1000 12
cauliflower

Garrett
    $1000 10
Morse code

Phillip
    $3,600 20
(Phillip: What is... a regulator?)

a pacemaker

Phillip

Scores at the first commercial break (after clue 15):

Phillip Garrett Melissa
$2,800 $3,600 -$200

Scores at the end of the Jeopardy! Round:

Phillip Garrett Melissa
$1,000 $7,800 $200

Double Jeopardy! Round responses

LETTERS FROM AUTHORS
AT THE AIRPORT
BRITISH ACTRESSES
HEADS UP! & OFF!
ENDS WITH "A"
RADIO: THEN & NOW
    $400 1
(Alex: Yes, Treasure Island.)

Robert Louis Stevenson

Phillip
    $400 8
LAX

Melissa
    $400 2
Vivien Leigh

Melissa
    $400 13
Marie Antoinette

Garrett
    $400 21
anorexia

Garrett
    $400 27
the '80s

Phillip
    $800 6
Kerouac

Melissa
    $800 9
(Garrett: What is Sydney?)

London Heathrow

GarrettMelissa
    $800 3
Keira Knightley

Garrett
    $800 14
Blackbeard

Garrett
    $800 22
seƱora

Phillip
    $800 29
Voice of America

Melissa
    $1200 7
(Aldous) Huxley

Melissa
    $1200 10
(Alex: What is [*] in Washington, D.C.?)

Reagan National

Triple Stumper
    $1200 18
The Favourite

Garrett
    $1200 15
(Melissa: Who is Jane?)
(Alex: Be more...)
(Melissa: Lady Jane. Lady Jane Seymour.)

Lady Jane Grey

GarrettMelissa
    $1200 24
zeta

Phillip
    $1200 30
Bing Crosby

Phillip
    $1600 5
Mark Twain

Melissa
    $1600 11
(Charles) de Gaulle

Phillip
    $1600 19
Miss Marple

Garrett
    $1600 16
William Wallace

Phillip
    $1600 28
playa

Garrett
    $1600 26
Grand Ole Opry

Melissa
    $2000 4
(Melissa: Who is Sylvia Plath?)

Virginia Woolf

Melissa
Triple Stumper
    $2,000 12
(Phillip: What is... SFO?)

JFK

Phillip
    $2000 20
Julie Walters

Triple Stumper
    $2,600 17
(Phillip: [Sighs] Who is Julius Caesar?)

Cicero

Phillip
    $2000 23
persona non grata

Garrett
    $2000 25
Marconi

Phillip

Scores at the end of the Double Jeopardy! Round:

Phillip Garrett Melissa
$5,600 $17,000 $4,600
(lock game)

[wagering suggestions for these scores]

Final Jeopardy! Round responses

FAMOUS AMERICANS
(Alex: [To Melissa] You wrote down your response very quickly; you're going to be sorry you didn't do better in the earlier rounds.)
MelissaWho was Muhammad Ali?
$2,600
PhillipWho was Kobe?
$4,600
GarrettWho E?
$3,000
Muhammad Ali

Final scores:

Phillip Garrett Melissa
$1,000 $14,000 $7,200
3rd place: $1,000 New champion: $14,000 2nd place: $2,000

Game dynamics:

Coryat scores:

Phillip Garrett Melissa
$13,800 $17,000 $4,600
17 R,
5 W
(including 3 DDs)
23 R,
1 W
11 R,
3 W

Combined Coryat: $35,400

The J! Archive is created by fans, for fans. The Jeopardy! game show and all elements thereof, including but not limited to copyright and trademark thereto, are the property of Jeopardy Productions, Inc. and are protected under law. This website is not affiliated with, sponsored by, or operated by Jeopardy Productions, Inc. Join the discussion at JBoard.tv.